[Event "Tenerife-chT Segunda 1920"]
[Site "Tenerife"]
[Date "2020.03.07"]
[Round "8.4"]
[White "Gomez Mederos, Daniel"]
[Black "Foldes, Marius"]
[Result "0-1"]
[WhiteElo "1086"]
[BlackElo "1456"]
[PlyCount "158"]
[EventDate "2019.11.30"]
[EventType "team-tourn"]
[EventRounds "14"]
[EventCountry "ESP"]
[SourceTitle "CBM 195 Extra"]
[Source "ChessBase"]
[SourceDate "2020.05.31"]
[SourceVersion "1"]
[SourceVersionDate "2020.05.31"]
[SourceQuality "1"]
[WhiteTeam "Ebano Barrio Nuevo III"]
[BlackTeam "Laguna Cotelec II"]
[WhiteTeamCountry "ESP"]
[BlackTeamCountry "ESP"]

1. c4 e5 2. Nc3 Nc6 3. g3 Bc5 4. Bg2 d6 5. Nf3 Nf6 6. 0-0 0-0 7. a3 a5 8. Rb1 Bf5 9. d3 Qd7 10. Bg5 Ng4 11. h3 Nxf2 12. Rxf2 Bxf2+ 13. Kxf2 h6 14. Bd2 Bxh3 15. Qh1 Bf5 16. Qh4 Ne7 17. Rh1 Ng6 18. Qh2 Rfe8 19. e4 Be6 20. Bh3 Bxh3 21. Qxh3 Qxh3 22. Rxh3 Ra6 23. Nd5 Rc8 24. Nh4 Kf8 25. Nxg6+ fxg6 26. g4 c6 27. Nc3 Rc7 28. Rf3+ Rf7 29. Rxf7+ Kxf7 30. Kf3 Ra8 31. Kg3 g5 32. Na4 Rh8 33. Bxa5 Ra8 34. b4 Rh8 35. Bc7 Ke6 36. Nb6 g6 37. Na4 h5 38. Ba5 h4+ 39. Kh3 Rf8 40. Nb2 Rf3+ 41. Kg2 Rg3+ 42. Kh2 Re3 43. Kg1 Re1+ 44. Kf2 h3 45. Kg3 Re2 46. Kxh3 Rxb2 47. Bd8 Rb3 48. Bxg5 Rxd3+ 49. Kg2 Rxa3 50. Kf2 Rc3 51. c5 dxc5 52. bxc5 Rxc5 53. Be3 Rc2+ 54. Ke1 c5 55. g5 c4 56. Kd1 Rg2 57. Kc1 c3 58. Kd1 b5 59. Bc5 Rxg5 60. Kc2 Rg3 61. Bb4 Kf6 62. Bxc3 Rxc3+ 63. Kxc3 Kg5 64. Kb4 Kf4 65. Kxb5 Kxe4 66. Kc4 g5 67. Kc3 Ke3 68. Kc4 g4 69. Kd5 g3 70. Kxe5 g2 71. Kd5 g1Q 72. Ke5 Qg5+ 73. Kd6 Kd4 74. Kc6 Qc5+ 75. Kd7 Kd5 76. Ke8 Qa7 77. Kf8 Ke6 78. Kg8 Kf6 79. Kh8 Qg7# 0-1

[Event "Tenerife-chT Segunda-B 1819"]
[Site "Tenerife"]
[Date "2019.04.06"]
[Round "13.2"]
[White "Brewer Hoyos, Jose Ricardo"]
[Black "Gomez Mederos, Daniel"]
[Result "1-0"]
[WhiteElo "1136"]
[BlackElo "1188"]
[PlyCount "83"]
[EventDate "2018.11.24"]
[EventType "team-tourn"]
[EventRounds "18"]
[EventCountry "ESP"]
[SourceTitle "CBM 189 Extra"]
[Source "ChessBase"]
[SourceDate "2019.06.03"]
[SourceVersion "1"]
[SourceVersionDate "2019.06.03"]
[SourceQuality "1"]
[WhiteTeam "Circulo de Amistad XII Enero III"]
[BlackTeam "Ebano Barrio Nuevo IV"]
[WhiteTeamCountry "ESP"]
[BlackTeamCountry "ESP"]

1. d4 g6 2. c4 Bg7 3. Nf3 Nf6 4. g3 0-0 5. Bg2 d6 6. Nc3 Nbd7 7. 0-0 c5 8. e3 Nb6 9. Qb3 Bg4 10. Re1 Re8 11. a4 cxd4 12. exd4 d5 13. c5 Nc4 14. Bf4 b6 15. Rad1 h6 16. h3 g5 17. Be5 Bxf3 18. Bxf3 bxc5 19. dxc5 Nxe5 20. Rxe5 Rb8 21. Qa2 d4 22. Ne4 Nxe4 23. Rxe4 d3 24. b4 Qd7 25. Bg4 Qd8 26. Bh5 e6 27. h4 Qd7 28. hxg5 hxg5 29. b5 f5 30. Bxe8 Rxe8 31. Re3 Qc7 32. Rxe6 Rxe6 33. Qxe6+ Kh8 34. Rxd3 Qxc5 35. Rd8+ Kh7 36. Rd5 Qc1+ 37. Kg2 Qa3 38. Qxf5+ Kh8 39. Rd8+ Bf8 40. Rxf8+ Kg7 41. Qf6+ Kh7 42. Rh8# 1-0

[Event "Tenerife-chT Segunda-B 1819"]
[Site "Tenerife"]
[Date "2019.01.12"]
[Round "4.4"]
[White "Gomez Mederos, Daniel"]
[Black "Padron Hernandez, Oliver Antonio"]
[Result "0-1"]
[WhiteElo "1188"]
[BlackElo "1011"]
[PlyCount "102"]
[EventDate "2018.11.24"]
[EventType "team-tourn"]
[EventRounds "18"]
[EventCountry "ESP"]
[SourceTitle "CBM 189 Extra"]
[Source "ChessBase"]
[SourceDate "2019.06.03"]
[SourceVersion "1"]
[SourceVersionDate "2019.06.03"]
[SourceQuality "1"]
[WhiteTeam "Ebano Barrio Nuevo IV"]
[BlackTeam "Circulo de Amistad XII Enero III"]
[WhiteTeamCountry "ESP"]
[BlackTeamCountry "ESP"]

1. c4 e6 2. Nc3 Nf6 3. d4 d5 4. Nf3 c5 5. e3 Nc6 6. a3 a6 7. Bd3 Be7 8. b3 0-0 9. 0-0 h6 10. Bb2 Rb8 11. Ne2 Na5 12. Ng3 Qb6 13. Bc2 dxc4 14. dxc5 Qxc5 15. b4 Qb5 16. Nd4 Qb6 17. Bc3 Nc6 18. Nxc6 Qxc6 19. Ba4 b5 20. Bc2 Bb7 21. f3 Ng4 22. Qe2 Nf6 23. Ne4 Nd5 24. Bd4 Rbd8 25. Rad1 Qc7 26. Bc5 Rfe8 27. Bxe7 Rxe7 28. Nc5 Nc3 29. Rxd8+ Qxd8 30. Qe1 Bc6 31. Qxc3 Re8 32. Nxa6 Qe7 33. Nc5 Qg5 34. Ne4 Qe7 35. Rd1 Rd8 36. Rxd8+ Qxd8 37. Qd2 Qh4 38. Nc5 Qg5 39. Be4 Bd5 40. Bxd5 exd5 41. f4 Qf5 42. h3 g5 43. g4 Qf6 44. Nd7 Qa1+ 45. Kf2 c3 46. Qc2 Qb2 47. Nf6+ Kg7 48. Qxb2 cxb2 49. Nh5+ Kf8 50. fxg5 hxg5 51. Nf6 b1Q 0-1

[Event "Santa Cruz de Tenerife Autumn op"]
[Site "Santa Cruz de Tenerife"]
[Date "2018.10.26"]
[Round "6"]
[White "Gomez Mederos, Daniel"]
[Black "Darias Darias, Luis"]
[Result "0-1"]
[WhiteElo "1188"]
[BlackElo "1719"]
[PlyCount "88"]
[EventDate "2018.10.15"]
[EventType "swiss"]
[EventRounds "9"]
[EventCountry "ESP"]
[SourceTitle "CBM 187 Extra"]
[Source "ChessBase"]
[SourceDate "2018.11.04"]
[SourceVersion "1"]
[SourceVersionDate "2018.11.04"]
[SourceQuality "1"]

1. c4 Nf6 2. Nc3 e5 3. d3 Bc5 4. Nf3 h6 5. g3 d6 6. Bg2 c6 7. 0-0 0-0 8. Re1 Bb6 9. e3 Re8 10. b3 d5 11. Bb2 Nbd7 12. b4 Nf8 13. Na4 Bc7 14. Nc5 Ng6 15. Rc1 b6 16. Na4 Bb7 17. Qc2 Re7 18. Ba3 Qd7 19. b5 c5 20. Bb2 Rb8 21. Red1 d4 22. e4 Ne8 23. Qb1 a6 24. bxa6 Bc6 25. a7 Ra8 26. Nxb6 Bxb6 27. Ba3 Bxa7 28. Qb2 Rb8 29. Qc2 Ba4 30. Qd2 Bxd1 31. Rxd1 Qa4 32. Bc1 Rb1 33. Qe2 Reb7 34. Qe1 Bb6 35. Nd2 Ba5 36. f3 Qc2 37. Qe2 Rxc1 38. Rxc1 Qxc1+ 39. Kf2 Rb2 40. g4 Nf4 41. Qe1 Bxd2 42. Qxc1 Bxc1+ 43. Kg3 Rxg2+ 44. Kh4 g5# 0-1

[Event "Santa Cruz de Tenerife Autumn op"]
[Site "Santa Cruz de Tenerife"]
[Date "2018.10.15"]
[Round "1"]
[White "Gomez Mederos, Daniel"]
[Black "Martinez Rojas, Carlos Jose"]
[Result "0-1"]
[WhiteElo "1188"]
[BlackElo "2021"]
[PlyCount "38"]
[EventDate "2018.10.15"]
[EventType "swiss"]
[EventRounds "9"]
[EventCountry "ESP"]
[SourceTitle "CBM 187 Extra"]
[Source "ChessBase"]
[SourceDate "2018.11.04"]
[SourceVersion "1"]
[SourceVersionDate "2018.11.04"]
[SourceQuality "1"]

1. e4 e5 2. Nf3 Nc6 3. Bc4 Nf6 4. Nc3 Bc5 5. 0-0 d6 6. d3 Bg4 7. Bg5 h6 8. Bh4 g5 9. Bg3 h5 10. h3 Bxf3 11. Qxf3 g4 12. Qf5 Nd4 13. Qg5 gxh3 14. gxh3 Nf3+ 15. Kg2 Nxg5 16. Bh4 Nxh3 17. Kxh3 Qd7+ 18. Kg2 Rg8+ 19. Kf3 Qg4# 0-1